000 00446nam a2200169Ia 4500
005 20250508160829.0
008 008 250505s9999 xx 000 0 eng d
037 _aTextual
040 _aFEDL
_beng
_cFEDL
041 _aeng
_2eng
084 _a915.4, RAM
_qFEDL
100 _aRamunny M
_9769480
245 0 _aLaccadive, minicoy and amindivi islands
300 _a69p.
942 _cTEXL
_h915.4, RAM
999 _c1366856
_d1366856